000
00297 a2200109 4500
001
ART_26517
005
20260410161705.0
008
260409a
245
1
0
_a
Positivo por partida doble
100
1
_a
Oklander, Juan
773
0
_t
Revista Impuestos
_g
- NÂș 22 (nov. 2008)
_w
REV639
999
_c
15557
_d
15557